2020 Group launch document (Record no. 81278)
[ view plain ]
| 000 -LEADER | |
|---|---|
| fixed length control field | 01160cad a22002055a 4500 |
| 001 - CONTROL NUMBER | |
| control field | L146756 |
| 008 - FIXED-LENGTH DATA ELEMENTS--GENERAL INFORMATION | |
| fixed length control field | 090224s2009 xxk f 000 0 eng d |
| 035 ## - SYSTEM CONTROL NUMBER | |
| System control number | (Sirsi) u146756 |
| 041 ## - LANGUAGE CODE | |
| Language code of text/sound track or separate title | eng |
| 110 2# - MAIN ENTRY--CORPORATE NAME | |
| Corporate name or jurisdiction name as entry element | 2020 Group |
| 9 (RLIN) | 5698 |
| 245 ## - TITLE STATEMENT | |
| Title | 2020 Group launch document |
| Medium | [electronic resource] |
| 260 ## - PUBLICATION, DISTRIBUTION, ETC. | |
| Date of publication, distribution, etc. | 2009 |
| 520 ## - SUMMARY, ETC. | |
| Summary, etc. | Announces the launch of the 2020 Group and their purpose to address the housing crisis and support the Government plan to build three million new houses by 2020. Presents their four basics principles to deal with this housing shortage. Highlights their policy proposals to react to the crisis such as increase funding, extend duration of planning permissions, retain skills, improve the planning system, increase the role of local authorities. |
| 590 ## - LOCAL NOTE (RLIN) | |
| Local note | KA NTK |
| 650 24 - SUBJECT ADDED ENTRY--TOPICAL TERM | |
| Topical term or geographic name entry element | Affordable housing |
| 9 (RLIN) | 6215 |
| 651 #4 - SUBJECT ADDED ENTRY--GEOGRAPHIC NAME | |
| Geographic name | England |
| Chronological subdivision | 886- |
| 690 ## - LOCAL SUBJECT ADDED ENTRY--TOPICAL TERM (OCLC, RLIN) | |
| Topical term or geographic name as entry element | PROPERTY-RESIDENTIAL PROPERTY-DOMESTIC RESIDENTIAL PROPERTY-HOUSING |
| 856 40 - ELECTRONIC LOCATION AND ACCESS | |
| Uniform Resource Identifier | <a href="https://england.shelter.org.uk/professional_resources/policy_library/policy_library_folder/2020_group_launch_document">https://england.shelter.org.uk/professional_resources/policy_library/policy_library_folder/2020_group_launch_document</a> |
| Public note | View the information free of charge at http://england.shelter.org.uk |
| 942 ## - ADDED ENTRY ELEMENTS (KOHA) | |
| Suppress in OPAC | 0 |
| Withdrawn status | Lost status | Source of classification or shelving scheme | Damaged status | Not for loan | Home library | Current library | Shelving location | Date acquired | Total Checkouts | Full call number | Barcode | Date last seen | Copy number | Price effective from | Koha item type |
|---|---|---|---|---|---|---|---|---|---|---|---|---|---|---|---|
| Dewey Decimal Classification | Virtual | Virtual | Online | 24/02/2009 | ONLINE PUBLICATION | 146756-2001 | 06/08/2019 | 1 | 06/08/2019 | Book |